01298nam a2200313 i 4500003000900000005001700009007000300026008004100029020001500070040003000085082002700115100002500142245010900167264007400276300003200350336002700382337003400409338002800443500002300471500006700494504003000561650002800591650006400619650007100683650004800754650004800802651006700850651006700917DO-SdBNP20260417203557.0ta110413s2000 dr 001 0 spa d a0313311277 aDO-SdBNPbspacBNPHUerda a327.7307293bH174s2221 aHall, Michaeld1960-10aSugar and power in the Dominican Republic : b Eisenhower, Kennedy, and the Trujillos /cMichael R. Hall 1aWestport, Conn, Connecticut, Estado Unidos:bGreenwood Press, c2000. axii, 163 páginas c24 cm. 2rdacontentatextobtxt 2rdamediaasin mediación bn 2rdacarrieravolumenbnc aIncluye índice.  aIncluye breve información del autor en la última página. aBibliografía p: 145-157 0aSanciones económicas  4aSanciones económicas vCasos de estudiozAmérica Latina 4aComercio de azúcarxHistoria ySiglo XX.zRepública Dominicana 4aArancel sobre el azúcar zEstados Unidos. 4aDemocratización zRepública Dominicana. 4aEstados Unidos xRelaciones exterioreszRepública Dominicana 4aRepública DominicanaxRelaciones exterioreszEstados Unidos